Estadísticas para Capitales españolas con más días de niebla

Haz click aquí para intentar la prueba.

Estadísticas generales

  • Esta prueba ha sido intentada 34 veces
  • La puntuación promedio es 12 de 16

Estadísticas de respuestas

Días de niebla/AñoCiudad% Correcto
37La Coruña/ A Coruña
97%
98Oviedo
88%
34Burgos
81%
35Logroño
78%
94Lugo
78%
48Gerona/ Girona
75%
47Orense/ Ourense
75%
32Pontevedra
75%
45Valladolid
75%
54Vitoria/ Gasteiz
75%
53Lérida/ Lleida
72%
102San Sebastián/Donostia
69%
32Toledo
69%
33Huesca
66%
32Albacete
59%
39Badajoz
44%

Distribución de puntuación

Porcentaje por número respondido

Porcentaje de gente con cada puntuación

Historial de tus puntuaciones

No has intentado esta prueba.